Derechos fundamentales de los menores (desarrollo de la personalidad en la infancia y la adolescencia)

Bibliographic Details
Main Author: Sol ̌Resina, Judith
Format: eBook
Language:Spanish
Published: Madrid: Dykinson, 2018
Subjects:
Online Access:Acceso restringido

MARC

LEADER 00000nam a22000007a 4500
005 20181110203541.0
007 cr|||| ||||
008 181110s2018 es |||||s|||| 00||0 spa d
020 |a 978-84-9148-855-2 
035 |a 22405 
040 |a vLex 
090 |c 8300  |d 8300 
100 1 |a Sol ̌Resina, Judith 
245 1 0 |a Derechos fundamentales de los menores (desarrollo de la personalidad en la infancia y la adolescencia)  |h [Recurso electrn̤ico] /  |c Judith Sol ̌Resina 
256 |a Servicio en ln̕ea 
260 |a Madrid:  |b Dykinson,  |c 2018 
300 |a 1 recurso electrn̤ico 
500 |a Esta obra est ̀compuesta por artc̕ulos de diversos investigadores de Espaą y Brasil y es el resultado de la Jornada de Trabajo sobre EL DERECHO FUNDAMENTAL AL PLENO DESARROLLO DE LA INFANCIA Y LA ADOLESCENCIA, promovido por el Departamento de Derecho Privado de la Universidad Autn̤oma de Barcelona (UAB) en colaboracin̤ con la Universidad del Oeste de Santa Catarina (UNOESC), y que se celebr ̤en la ciudad de Barcelona, entre los da̕s 11 y 12 de diciembre de 2017. El libro contiene artc̕ulos cientf̕icos de renombrados investigadores y va al fondo en la discusin̤ acerca del derecho fundamental al pleno desarrollo del niǫ y la adolescencia. Es importante seąlar que todos los textos fueron cuidadosamente seleccionados por su grado de profundizacin̤ ter̤ica y prc̀tica y fueron presentados y ampliamente discutidos durante la realizacin̤ de este evento internacional. No cabe duda de que el lector percibir ̀la consistencia acadm̌ica de los artc̕ulos recogidos, ya que los autores no midieron esfuerzos para responder a los problemas planteados en el cotidiano jurd̕ico. El libro encierra en s ̕riquezas temt̀icas que raramente se encuentran en otras obras y su lectura tiende a ampliar, promover e incentivar innumerables discusiones sobre los derechos fundamentales al pleno desarrollo del niǫ y adolescente. 
506 1 |a Disponible solo en los productos indicados  |d vLex Global  |d vLex Global (Academic Edition, excluding Law Schools)  |d vLex Global (U.S. Academic Edition, Law Schools)  |d vLex Global (U.S. Academic Edition, excluding Law Schools)  |d vLex Global (Academic Edition, Law Schools) 
650 0 4 |a Derecho Civil  |z Espaą 
650 0 4 |a Derecho Militar  |z Espaą 
740 0 |a vLex Libros (Servicio en ln̕ea) 
856 4 0 |u http://vlex.com/source/derechos-fundamentales-de-los-menores-desarrollo-de-la-personalidad-en-la-infancia-y-la-adolescencia--22405  |z Acceso restringido 
942 |c BOOK 
999 0 |a Civil Law 
999 0 |a Military Law